Gaming Quiz

Random Gaming or Pokémon Quiz

Real Word or Pokémon? Quiz Stats

 Plays Quiz Updated Jul 28, 2017

Support Sporcle.
Go Orange.
Score 0/26 Timer 05:00
2 Plays Today
% Correct
Hellbender
85.9%
Aliquot
85.4%
Jejune
84.1%
Brickbat
83.6%
Electrojet
82.8%
Majordomo
82.7%
Snapdragon
82.4%
Squeegee
81.8%
Duende
80.1%
Grandee
80.1%
Gambol
80%
Grok
77.7%
Syzygy
77.4%
% Correct
Snaffle
76.6%
Dudeen
76%
Skosh
75.7%
Quipu
74.7%
Yawp
74.5%
Thrips
74.3%
Swaggie
71.9%
Whirligig
71.8%
Yobbo
70.8%
Ziggurat
69.9%
Pollywog
68.9%
Geoduck
67%
Vulpine
60.5%

You're not logged in!

Compare scores with friends on all Sporcle quizzes.
OR
Log In
Forgot?

From the Vault

Hollywood Squares

by big8dog88

Let's make celebrities sit in tiny cubes for our amusement.
Remove Ads.
Support Sporcle.
Get the best of Sporcle when you Go Orange. This ad-free experience offers more features, more stats, and more fun while also helping to support Sporcle. Thank you for becoming a member.

Show Comments

Extras

Top Quizzes Today


Score Distribution

Your Account Isn't Verified!

In order to create a playlist on Sporcle, you need to verify the email address you used during registration. Go to your Sporcle Settings to finish the process.

Report this User

Report this user for behavior that violates our Community Guidelines.

Details: